Statistiques concernant Sondage - Le Seigneur des anneaux

Cliquez ici pour prendre le quiz!

Statistiques générales

  • Ce quiz a été pris 134 fois
  • Le résultat moyen est 5 sur 11

Statistiques - réponses

RéponsesVotre réponse% Correct
B- VuB- Vu
60%
G- Les deuxG- Les deux
59%
J- Les filmsJ- Les films
54%
C- Les deuxC- Les deux
52%
F- Version longueF- Version longue
44%
E- Version courteE- Version courte
40%
I- Les livresI- Les livres
40%
A- LuA- Lu
39%
K- Aucun avis sur la questionK- Aucun avis sur la question
38%
D- Ni lu, ni vuD- Ni lu, ni vu
30%
H- AucunH- Aucun
25%

Distribution des résultats

Percentile par nombre de réponses

% des personnes avec chaque résultat

Votre développement - résultats

Vous n’avez pas pris ce quiz